| 000 | 01279cam a22004097a 4500 | ||
|---|---|---|---|
| 003 | CHAP | ||
| 005 | 20220817043835.0 | ||
| 008 | 020530d2001 it a rn 00110 spa d | ||
| 010 | _a85820 | ||
| 011 | _a86792 | ||
| 020 | _a9251046271 | ||
| 035 | _a97332 | ||
| 040 | _cCHAP | ||
| 082 | 0 | 4 |
_a631.5 _bF39 |
| 110 | 2 | _aFAO | |
| 245 | 1 | 0 |
_aFarming systems and poverty : _bimproving farmers' livelihoods in a changing world _c/ by John Dixon, Aidan Gulliver and David Gibbon |
| 260 |
_aRoma : _bFAO, _c2001. |
||
| 300 |
_a412 p. : _bilus. |
||
| 410 | _aFAO | ||
| 590 |
_aBATCH-UPD _b10 _c20130110 _lUCH01 _h0631 |
||
| 590 |
_aBATCH-UPD _b10 _c20130410 _lUCH01 _h0315 |
||
| 590 |
_aBATCH-UPD _b10 _c20130913 _lUCH01 _h2121 |
||
| 590 |
_aCONVERSION _b10 _c20130109 _lUCH01 _h1348 |
||
| 650 | 0 | 4 |
_aAgricultura _xAfrica _zAfrica. _9175391 |
| 650 | 1 | 4 |
_aAgricultura _xAsia. _91194 |
| 650 | 1 | 4 |
_aAgricultura _xPaĆses subdesarrollados. _91760 |
| 650 | 1 | 4 |
_aPobreza. _989463 |
| 650 | 1 | 4 |
_aSistemas de cultivo. _9106746 |
| 700 | 0 | 0 |
_aDixon, John _933056 |
| 700 | 0 | 0 |
_aGibbon, David _947855 |
| 700 | 0 | 0 |
_aGulliver, Aidan _951455 |
| 810 | 0 | _aFAO | |
| 901 | _aBK | ||
| 905 | _aMayto Villalobos S. | ||
| 942 | _cLIBRO | ||
| 949 |
_a631.5 F39 _bBC _cFAO _d33724000851275 _eFAO1 _h102592 _i97332 _sb |
||
| 999 |
_c85820 _d85820 |
||